000 00619nam a2200229Ia 4500
003 OSt
005 20220928102655.0
006 a|||||r|||| 00| 0
007 ta
008 220927b |||||||| |||| 00| 0 eng d
024 _a53108
037 _cTextual
040 _aSDCL
_cSDCL
_beng
041 _2eng
_aeng
082 _aX755.20r73'N7, L3
100 _aSingh A K
_9399786
245 0 _aImpact of American Aid on Indian economy.
260 _aBombay
_bVora and Co Publishers
_c1973
300 _a175p
_ccm.
942 _hX755.20r73'N7, L3
_cTEXL
_2CC
999 _c715682
_d715682